| 000 | 00623nam a2200229 a 4500 | ||
|---|---|---|---|
| 005 | 20210219153108.0 | ||
| 008 | 991125n 000 0 spa u | ||
| 035 | _aUPN01000077770 | ||
| 100 | 1 | _aPRIETO, Victor Manuel | |
| 222 | _aEDUCACION Y CULTURA : | ||
| 245 | _aEstímulos a colegios privados : ¿para servirle a la gente? | ||
| 260 | _aCOLOMBIA | ||
| 300 | _a61-69 | ||
| 362 | _a1993 No. 31, dic. | ||
| 653 | 0 | _aACCESO A LA EDUCACION | |
| 653 | 0 | _aCOLOMBIA | |
| 653 | 0 | _aEDUCACION PRIMARIA | |
| 653 | 0 | _aEDUCACION PRIVADA | |
| 653 | 0 | _aEDUCACION SECUNDARIA | |
| 904 |
_aAC _b015581 |
||
| 905 | _aArticulo | ||
| 999 |
_c68314 _d68314 |
||